[Event "Asia zt 3.2 (Women)"]
[Site "Dhaka"]
[Date "2023.05.08"]
[Round "7"]
[White "Neelava, Choudhury"]
[Black "Parveen, Tanima"]
[Result "0-1"]
[WhiteElo "1628"]
[BlackElo "1961"]
[PlyCount "59"]
[EventDate "2023.05.02"]
[EventType "tourn"]
[EventRounds "9"]
[EventCountry "BAN"]
[SourceTitle "CBM 215 Extra"]
[Source "ChessBase"]
[SourceDate "2023.09.30"]
[SourceVersion "1"]
[SourceVersionDate "2023.09.30"]
[SourceQuality "1"]

1. d4 d5 2. c4 e6 3. g3 Nf6 4. Bg2 Bb4+ 5. Bd2 Be7 6. Nf3 0-0 7. 0-0 dxc4 8. Qa4 c6 9. Qxc4 b5 10. Qc2 Bb7 11. Nc3 a6 12. Rfd1 Nbd7 13. e4 c5 14. dxc5 Bxc5 15. Bg5 Qc7 16. Rac1 Rac8 17. Qe2 Qb6 18. e5 Nd5 19. Ne4 h6 20. Nxc5 Rxc5 21. Be3 Nxe3 22. Qxe3 Rxc1 23. Qxc1 Rc8 24. Qf4 Rc4 25. Nd4 Bxg2 26. Kxg2 Qc5 27. Qd2 Nxe5 28. Nb3 Qc6+ 29. Kh3 Rh4+ 30. gxh4 0-1

[Event "Asia zt 3.2 (Women)"]
[Site "Dhaka"]
[Date "2023.05.03"]
[Round "2"]
[White "Neelava, Choudhury"]
[Black "Nusrat Jahan, Alo"]
[Result "1/2-1/2"]
[WhiteElo "1628"]
[BlackElo "1785"]
[PlyCount "59"]
[EventDate "2023.05.02"]
[EventType "tourn"]
[EventRounds "9"]
[EventCountry "BAN"]
[SourceTitle "CBM 215 Extra"]
[Source "ChessBase"]
[SourceDate "2023.09.30"]
[SourceVersion "1"]
[SourceVersionDate "2023.09.30"]
[SourceQuality "1"]

1. d4 d5 2. c4 c6 3. g3 Nf6 4. Bg2 e6 5. Nf3 Be7 6. 0-0 0-0 7. Qc2 Nbd7 8. Bg5 b6 9. Rd1 Bb7 10. Nbd2 Rc8 11. e4 Nxe4 12. Nxe4 dxe4 13. Bxe7 Qxe7 14. Qxe4 Nf6 15. Qe2 Rfd8 16. Rac1 Rc7 17. Ne5 Nd7 18. Nxd7 Rcxd7 19. d5 cxd5 20. cxd5 Bxd5 21. Bxd5 Rxd5 22. Rxd5 Rxd5 23. Rc8+ Rd8 24. Qa6 g6 25. Rxd8+ Qxd8 26. Qxa7 Qd1+ 27. Kg2 Qd5+ 28. Kg1 Qd1+ 29. Kg2 Qd5+ 30. Kg1 1/2-1/2

[Event "Dhaka Laila Alam op 13th"]
[Site "Dhaka"]
[Date "2023.02.08"]
[Round "2"]
[White "Noshin, Anjum"]
[Black "Neelava, Choudhury"]
[Result "1-0"]
[WhiteElo "1876"]
[BlackElo "1463"]
[PlyCount "81"]
[EventDate "2023.02.07"]
[EventType "swiss"]
[EventRounds "7"]
[EventCountry "BAN"]
[SourceTitle "EXT 2024"]
[Source "ChessBase"]
[SourceDate "2023.10.10"]
[SourceVersion "1"]
[SourceVersionDate "2023.10.10"]
[SourceQuality "1"]

1. e4 e5 2. Nf3 Nc6 3. Bb5 a6 4. Ba4 Nf6 5. 0-0 Be7 6. Re1 b5 7. Bb3 0-0 8. h3 d6 9. c3 Na5 10. Bc2 c5 11. d4 Qc7 12. Nbd2 Re8 13. Nf1 Bf8 14. a4 Bd7 15. Bg5 Be7 16. dxe5 dxe5 17. Nxe5 Qxe5 18. Bxf6 Bxf6 19. Qxd7 Red8 20. Qg4 b4 21. f4 Qe6 22. Qxe6 fxe6 23. e5 Be7 24. Red1 Kf7 25. Ne3 Rac8 26. Kf2 g6 27. Kf3 Bf8 28. Rxd8 Rxd8 29. Rd1 Rxd1 30. Bxd1 bxc3 31. bxc3 Nc6 32. Be2 a5 33. Bb5 Ne7 34. Ke4 Nf5 35. Nc4 Ne7 36. Nxa5 Nd5 37. c4 Nb4 38. Nb7 Nc2 39. a5 Nd4 40. a6 Nf5 41. a7 1-0

[Event "BAN-chB (Women) 41st"]
[Site "Dhaka"]
[Date "2022.11.09"]
[Round "3"]
[White "Omnia Binta Yusuf, Lubaba"]
[Black "Neelava, Choudhury"]
[Result "1-0"]
[WhiteElo "1676"]
[BlackElo "1423"]
[PlyCount "111"]
[EventDate "2022.11.07"]
[EventType "swiss"]
[EventRounds "8"]
[EventCountry "BAN"]
[SourceTitle "EXT 2024"]
[Source "ChessBase"]
[SourceDate "2023.10.10"]
[SourceVersion "1"]
[SourceVersionDate "2023.10.10"]
[SourceQuality "1"]

1. d4 d5 2. c4 e6 3. Nc3 c5 4. cxd5 exd5 5. Nf3 Nc6 6. dxc5 d4 7. Na4 Bxc5 8. Nxc5 Qa5+ 9. Bd2 Qxc5 10. Rc1 Qd6 11. g3 Nf6 12. Bg2 Bf5 13. 0-0 0-0 14. e3 dxe3 15. Bxe3 Rfd8 16. Qxd6 Rxd6 17. Bf4 Rd7 18. Rfd1 Nd5 19. Ne5 Nxf4 20. gxf4 Nxe5 21. fxe5 Rxd1+ 22. Rxd1 Rb8 23. f4 b6 24. Kf2 h6 25. Rc1 Rc8 26. Rxc8+ Bxc8 27. Ke3 Kf8 28. Be4 Be6 29. b3 g6 30. Kd4 Ke7 31. h4 Kd7 32. Kc3 Kc7 33. a3 b5 34. b4 Kb6 35. Kd4 Bc4 36. f5 gxf5 37. Bxf5 Be6 38. Be4 Bh3 39. Ke3 Kc7 40. Kf4 Be6 41. Bd3 Kb6 42. Ke4 Kc6 43. Kd4 Kb6 44. Be4 Bh3 45. Kd5 Be6+ 46. Kd6 h5 47. Bg6 a5 48. Bxh5 axb4 49. axb4 Bc4 50. Ke7 Bd5 51. Bxf7 Bf3 52. Kd6 Bg4 53. e6 Bf3 54. e7 Bc6 55. e8Q Bxe8 56. Bxe8 1-0

[Event "BAN-chT2"]
[Site "Dhaka"]
[Date "2022.07.20"]
[Round "3.1"]
[White "Neelava, Choudhury"]
[Black "HM Shafin, Khan"]
[Result "1-0"]
[WhiteElo "1526"]
[BlackElo "1559"]
[PlyCount "55"]
[EventDate "2022.07.18"]
[EventType "team-swiss"]
[EventRounds "9"]
[EventCountry "BAN"]
[SourceTitle "EXT 2023"]
[Source "ChessBase"]
[SourceDate "2022.10.05"]
[SourceVersion "1"]
[SourceVersionDate "2022.10.05"]
[SourceQuality "1"]
[WhiteTeam "Debonair"]
[BlackTeam "Dipali Memorial Club"]
[WhiteTeamCountry "BAN"]
[BlackTeamCountry "BAN"]

1. e4 e5 2. Nf3 Nc6 3. Bb5 a6 4. Ba4 Bc5 5. c3 b5 6. Bb3 d6 7. 0-0 Nge7 8. Ng5 d5 9. exd5 Nxd5 10. Qh5 g6 11. Qf3 Be6 12. Nxe6 fxe6 13. d4 Bb6 14. Re1 Rf8 15. Qg3 Qf6 16. Nd2 Kd7 17. Ne4 Qf7 18. Bh6 Rfe8 19. dxe5 Nce7 20. Nf6+ Nxf6 21. exf6 Nf5 22. Rad1+ Kc8 23. Qf3 Kb8 24. Bf4 Qxf6 25. Qc6 Nd6 26. Bg3 Ka7 27. Rxd6 Rf8 28. Qxb6+ 1-0

[Event "Dhaka Marcel op"]
[Site "Dhaka"]
[Date "2022.04.20"]
[Round "2"]
[White "Neelava, Choudhury"]
[Black "Abdullah Al, Raison"]
[Result "0-1"]
[WhiteElo "1458"]
[BlackElo "1815"]
[PlyCount "138"]
[EventDate "2022.04.19"]
[EventType "swiss"]
[EventRounds "9"]
[EventCountry "BAN"]
[SourceTitle "EXT 2023"]
[Source "ChessBase"]
[SourceDate "2022.10.05"]
[SourceVersion "1"]
[SourceVersionDate "2022.10.05"]
[SourceQuality "1"]

1. e4 c5 2. Nf3 e6 3. d4 cxd4 4. Nxd4 Nc6 5. Nc3 Qc7 6. Be2 a6 7. Be3 Nf6 8. 0-0 Bb4 9. Na4 Be7 10. Nxc6 bxc6 11. Nb6 Rb8 12. Nxc8 Qxc8 13. Bd4 c5 14. Bc3 0-0 15. f3 d5 16. exd5 exd5 17. Be5 Rb6 18. b3 Qe6 19. Bg3 Nh5 20. Bf2 Nf4 21. Re1 Qg6 22. Bg3 Nxe2+ 23. Qxe2 Bf6 24. Rad1 Bc3 25. Rf1 Re6 26. Qd3 d4 27. Qxg6 hxg6 28. Be1 Re3 29. g3 Rfe8 30. Bxc3 Rxc3 31. Rd2 Ree3 32. Kg2 g5 33. Rff2 f5 34. f4 g4 35. Rfe2 Re4 36. Kf1 Kf7 37. Rd3 Rxd3 38. cxd3 Re6 39. Rxe6 Kxe6 40. Ke2 Kd5 41. Kd2 Kc6 42. a3 a5 43. Kc2 Kd5 44. Kd2 Kd6 45. Ke2 Ke7 46. Kf2 Kf6 47. Kg2 Kg6 48. Kf2 Kh5 49. Ke2 g5 50. fxg5 Kxg5 51. Kf2 f4 52. gxf4+ Kxf4 53. Ke2 g3 54. h3 g2 55. Kf2 g1Q+ 56. Kxg1 Ke3 57. h4 Kxd3 58. h5 Kc2 59. h6 d3 60. h7 d2 61. h8Q d1Q+ 62. Kh2 Qd6+ 63. Kh3 Qd7+ 64. Kg3 Qd3+ 65. Kf2 Qd4+ 66. Qxd4 cxd4 67. b4 d3 68. bxa5 d2 69. a6 d1Q 0-1

[Event "BAN-ch (Women)"]
[Site "Dhaka"]
[Date "2022.01.04"]
[Round "7"]
[White "Wadifa, Ahmed"]
[Black "Neelava, Choudhury"]
[Result "1-0"]
[WhiteElo "1807"]
[BlackElo "1435"]
[PlyCount "56"]
[EventDate "2021.12.29"]
[EventType "swiss"]
[EventRounds "11"]
[EventCountry "BAN"]
[SourceTitle "EXT 2023"]
[Source "ChessBase"]
[SourceDate "2022.10.05"]
[SourceVersion "1"]
[SourceVersionDate "2022.10.05"]
[SourceQuality "1"]

1. e4 e5 2. Nf3 Nc6 3. Bb5 a6 4. Ba4 Nf6 5. 0-0 Be7 6. Re1 b5 7. Bb3 0-0 8. d3 d6 9. c3 Na5 10. Bc2 c5 11. Nbd2 Bb7 12. Nf1 Re8 13. Ng3 g6 14. d4 Qc7 15. d5 Bf8 16. Bg5 Bg7 17. Qc1 Bc8 18. Nh4 Nb7 19. Rf1 c4 20. a4 Bd7 21. Bh6 Qd8 22. Bxg7 Kxg7 23. axb5 Bxb5 24. Qg5 Kh8 25. f4 Nd7 26. Qh6 exf4 27. Rxf4 Ne5 28. Nhf5 gxf5 1-0

[Event "BAN-ch (Women)"]
[Site "Dhaka"]
[Date "2022.01.03"]
[Round "6"]
[White "Neelava, Choudhury"]
[Black "Jahan, Dilara Nupur"]
[Result "1-0"]
[WhiteElo "1435"]
[BlackElo "1741"]
[PlyCount "73"]
[EventDate "2021.12.29"]
[EventType "swiss"]
[EventRounds "11"]
[EventCountry "BAN"]
[SourceTitle "EXT 2023"]
[Source "ChessBase"]
[SourceDate "2022.10.05"]
[SourceVersion "1"]
[SourceVersionDate "2022.10.05"]
[SourceQuality "1"]

1. e4 e6 2. d4 d5 3. Nc3 dxe4 4. Nxe4 Nc6 5. Nf3 h6 6. Bd3 Nb4 7. Bb5+ c6 8. Ba4 Nf6 9. Nxf6+ Qxf6 10. 0-0 Bd6 11. c3 Nd5 12. c4 Nf4 13. d5 exd5 14. cxd5 b5 15. Re1+ Kf8 16. Bb3 c5 17. Bxf4 Qxf4 18. h3 g5 19. Qe2 Bb7 20. Rad1 a6 21. Ne5 Kg7 22. Rd3 Rhe8 23. g3 Qb4 24. Re3 c4 25. a3 Qc5 26. Bc2 Bxd5 27. Qd2 Be6 28. Qc3 Kg8 29. Ng6 fxg6 30. Rxe6 Rxe6 31. Rxe6 Kf7 32. Qf6+ Kg8 33. Qxg6+ Kf8 34. Qf6+ Kg8 35. Bh7+ Kxh7 36. Qf7+ Kh8 37. Rxh6# 1-0

[Event "Sheikh Kamal Online Inv"]
[Site "Tornelo INT"]
[Date "2021.08.28"]
[Round "6"]
[White "Neelava, Choudhury"]
[Black "Noshin, Anjum"]
[Result "0-1"]
[WhiteElo "1392"]
[BlackElo "2004"]
[PlyCount "38"]
[EventDate "2021.08.27"]
[EventType "tourn (rapid)"]
[EventRounds "9"]
[EventCountry "BAN"]
[SourceTitle "CBM 204 Extra"]
[Source "ChessBase"]
[SourceDate "2021.11.30"]
[SourceVersion "1"]
[SourceVersionDate "2021.11.30"]
[SourceQuality "1"]

1. e4 e5 2. Nf3 Nc6 3. Bb5 a6 4. Ba4 Nf6 5. 0-0 Be7 6. Re1 b5 7. Bb3 d6 8. h3 Na5 9. c3 Nxb3 10. Qxb3 Bb7 11. d4 exd4 12. e5 dxe5 13. Nxe5 0-0 14. Rd1 c5 15. Be3 c4 16. Qc2 d3 17. Qc1 Bd6 18. Bd4 Bxe5 19. Bxe5 Qd5 0-1